00382nam a2200133Ia 450000500170000000800410001702000180005808200130007610000150008924500400010426000520014430000130019650000390020920250626023848.0240331s9999 xx 000 0 und d a9789558884430 bCOOa362 aCooray,K.N 0aSri Lankawe siduwena lama apayojana aMirigamabAshirwada Publishers & Printersc2007 a112 p ., aA book of Child abuse in Sri Lanka